| 000 | 01471nac a2200277 a 4500 | ||
|---|---|---|---|
| 003 | CO-PeBPM | ||
| 005 | 20250506215434.0 | ||
| 007 | ta | ||
| 008 | 250506s2002 ck |||| |||| 00| 0 spa d | ||
| 020 | _aISBN: 9586078019 | ||
| 040 |
_aCO-PeBPM _bspa _cCO-PeBPM _erda |
||
| 041 | _aspa | ||
| 082 | 0 | 4 |
_a155.5 P257p _222 |
| 100 | 1 | 0 |
_aParolari, Fernanda _eautora |
| 245 | 1 | 0 |
_aPsicología de la adolescencia _b: Despertar para la vida _c/ Fernanda Parolari; traducción Bertulio Salazar |
| 250 | _asegunda reimpresión | ||
| 260 |
_aBogotá, Colombia _b: San Pablo _c, 2002 |
||
| 300 |
_a169 páginas _c18 centímetros |
||
| 490 | _aAdolescentes | ||
| 500 | _aIncluye índice al final del texto | ||
| 520 | _aDe repente, el cuerpo del niño empieza a cambiar, ahora se rebela contra todo, quiere ser independiente, tiene proyectos para transformar el mundo. Es un abrirse el botón, en flor, la adolescencia, período en el que el niño se convierte en adulto. La autora transmite aquí todo su cariño de madre y su experiencia profesional como psicóloga en el trato con el adolescente. Aborda las características de esta etapa, los disturbios más comunes y el llamado "conflicto de generaciones", con una propuesta de medios adecuados para un desenvolvimiento sano del joven y su relación positiva en la familia. | ||
| 650 | 1 | 4 |
_aPsicología del adolescente _2LEMB |
| 650 | 1 | 4 |
_aEducación _2LEMB |
| 700 | 1 | 4 |
_aSalazar, Bertulio _etraducción |
| 942 |
_2ddc _cBK _n0 |
||
| 999 |
_c60804 _d60804 |
||